000 01174nam a22002057a 4500
003 OSt
005 20251113140527.0
008 251113b |||||||| |||| 00| 0 eng d
040 _cDCL
082 _a၂၉၄.၃၈၂၃၅၈၁
130 _aတိပိဋက။
_pသုတ္တန္တပိဋက။
_pခုဒ္ဒကနိကာယ။
_tပေဋကောပဒေသ၊
_lပါဠိတော်၊
_sနိဿယ။
245 _aပေဋကောပဒေသ ပါဠိတော်နိဿယ /
_cအသျှင်စာဂရမထေရ်။
264 _aမန္တလေး ၊
_bမန္တလေးတောင် ပိဋကတ်တော်စာပုံနှိပ်တိုက်၊
_c၁၉၃၇။
300 _a၄၁၈ စာမျက်နှာ ၊
_c၂၆ စင်တီ။
300 _a၃၇၉ စာမျက်နှာ ၊
_c၂၆ စင်တီ။
650 _aနေတ္ထိ
_vပါဠိတော်။
650 _aပေဋကောပဒေသ
_vပါဠိတော်။
700 _aစာဂရမထေရ်၊ အသျှင်
942 _2ddc
_cSHORT TERM
_n0
999 _c2463
_d2463